[Event "Baden-Baden op"]
[Site "Baden-Baden"]
[Date "2024.02.11"]
[Round "4"]
[White "Cilo, Selimhan"]
[Black "Vyval, Volodymyr"]
[Result "1/2-1/2"]
[WhiteElo "2040"]
[BlackElo "2307"]
[PlyCount "40"]
[EventDate "2024.02.09"]
[EventType "swiss"]
[EventRounds "9"]
[EventCountry "GER"]
[SourceTitle "CB08_2024"]
[SourceDate "2024.02.21"]
[SourceVersion "1"]
[SourceVersionDate "2024.02.21"]
[SourceQuality "1"]

1. e4 c5 2. Nf3 Nf6 3. e5 Nd5 4. c3 Nc6 5. d4 cxd4 6. cxd4 d6 7. Nc3 dxe5 8. Nxd5 Qxd5 9. dxe5 Qxd1+ 10. Kxd1 Bg4 11. Bb5 0-0-0+ 12. Ke1 Bxf3 13. gxf3 Nd4 14. Ba4 Nxf3+ 15. Ke2 Nd4+ 16. Kf1 e6 17. Be3 Kb8 18. Rc1 Nf5 19. Ke2 Bb4 20. Rc2 Rd5 1/2-1/2

[Event "Baden-Baden op"]
[Site "Baden-Baden"]
[Date "2024.02.10"]
[Round "3"]
[White "Carlstedt, Jonathan"]
[Black "Cilo, Selimhan"]
[Result "1-0"]
[WhiteElo "2426"]
[BlackElo "2040"]
[PlyCount "76"]
[EventDate "2024.02.09"]
[EventType "swiss"]
[EventRounds "9"]
[EventCountry "GER"]
[SourceTitle "CB08_2024"]
[SourceDate "2024.02.21"]
[SourceVersion "1"]
[SourceVersionDate "2024.02.21"]
[SourceQuality "1"]

1. d4 d5 2. Nf3 Nf6 3. Nbd2 c6 4. e3 Bf5 5. Be2 e6 6. 0-0 Bd6 7. b3 Nbd7 8. Bb2 Ne4 9. Ne5 Qc7 10. f4 f6 11. Nd3 a5 12. c4 Qd8 13. g4 Nxd2 14. Qxd2 Be4 15. Nf2 Bg6 16. Bf3 h5 17. h3 hxg4 18. hxg4 f5 19. g5 Bh5 20. Kg2 Kf7 21. Rh1 Bxf3+ 22. Kxf3 Bb4 23. Bc3 Rxh1 24. Rxh1 dxc4 25. bxc4 Nb6 26. Qd3 Na4 27. Ba1 b5 28. d5 cxd5 29. cxb5 Qb6 30. g6+ Kg8 31. Rh7 Ra7 32. Qd1 Bc3 33. Qh1 Kf8 34. Qh4 Ke8 35. Bxc3 Nxc3 36. Rxg7 Rxg7 37. Qh8+ Rg8 38. Qxg8+ Kd7 1-0

[Event "Deizisau Autumn op 17th"]
[Site "Deizisau"]
[Date "2023.10.27"]
[Round "1"]
[White "Cilo, Selimhan"]
[Black "Seitz, Patrick"]
[Result "0-1"]
[WhiteElo "1836"]
[BlackElo "2221"]
[PlyCount "68"]
[EventDate "2023.10.27"]
[EventType "swiss"]
[EventRounds "7"]
[EventCountry "GER"]
[SourceTitle "Mega2024 Update 01"]
[Source "Chessbase"]
[SourceDate "2023.11.12"]
[SourceVersion "1"]
[SourceVersionDate "2023.11.12"]
[SourceQuality "1"]

1. e4 e5 2. Nf3 Nc6 3. Bc4 Bc5 4. c3 Nf6 5. d4 exd4 6. e5 d5 7. Bb5 Ne4 8. cxd4 Bb4+ 9. Nbd2 0-0 10. 0-0 a6 11. Bd3 Bf5 12. Nb3 Na5 13. Bf4 b5 14. a4 Nc4 15. Qe2 Qe7 16. Ng5 f6 17. Nxe4 fxe5 18. Bg5 Qf7 19. Nec5 e4 20. Bb1 Qg6 21. Bh4 Bg4 22. f3 Rxf3 23. Rxf3 exf3 24. Qxf3 Qh5 25. Qg3 Re8 26. Bc2 bxa4 27. h3 Bf5 28. Bxf5 Qxf5 29. Rf1 Qh5 30. Nxa4 h6 31. Rf3 Re1+ 32. Kh2 Bd6 33. Rf4 Re4 34. Kh1 Rxf4 0-1

[Event "GER-chT U16"]
[Site "Kiel"]
[Date "2022.07.26"]
[Round "7.4"]
[White "Cilo, Selimhan"]
[Black "Mueller, Magnus"]
[Result "0-1"]
[WhiteElo "1500"]
[BlackElo "2021"]
[PlyCount "68"]
[EventDate "2022.07.22"]
[EventType "team-swiss"]
[EventRounds "7"]
[EventCountry "GER"]
[SourceTitle "CBM 209 Extra"]
[Source "ChessBase"]
[SourceDate "2022.09.30"]
[SourceVersion "1"]
[SourceVersionDate "2022.09.30"]
[SourceQuality "1"]
[WhiteTeam "Goeppingen"]
[BlackTeam "Gera"]
[WhiteTeamCountry "GER"]
[BlackTeamCountry "GER"]

1. e4 c5 2. Nf3 e6 3. g3 Nc6 4. Bg2 Nf6 5. Qe2 Be7 6. 0-0 0-0 7. c3 d5 8. e5 Nd7 9. d4 Rb8 10. Be3 b5 11. Nbd2 b4 12. c4 Ba6 13. Rfc1 dxc4 14. Nxc4 Nb6 15. b3 cxd4 16. Rd1 Nxc4 17. bxc4 Bc5 18. Qb2 Qb6 19. Nxd4 Na5 20. Rac1 Rfd8 21. Bf1 Bb7 22. Bg2 Ba6 23. Bf1 Rbc8 24. Nc2 Rxd1 25. Rxd1 Bb7 26. Bxc5 Qc6 27. f3 Qxc5+ 28. Kg2 Nc6 29. Be2 Rb8 30. h4 h6 31. g4 Nxe5 32. Nxb4 a5 33. Na6 Bxf3+ 34. Kh3 Bxg4+ 0-1

[Event "GER-chT U14"]
[Site "Magdeburg"]
[Date "2019.12.29"]
[Round "6.9"]
[White "Cilo, Selimhan"]
[Black "Popovici, Liviu Daniel"]
[Result "0-1"]
[WhiteElo "1279"]
[BlackElo "1526"]
[PlyCount "86"]
[EventDate "2019.12.27"]
[EventType "team-swiss"]
[EventRounds "7"]
[EventCountry "GER"]
[SourceTitle "CBM 194 Extra"]
[Source "ChessBase"]
[SourceDate "2020.03.31"]
[SourceVersion "1"]
[SourceVersionDate "2020.03.31"]
[SourceQuality "1"]
[WhiteTeam "Goeppingen"]
[BlackTeam "Vaterstetten Grasbrunn"]
[WhiteTeamCountry "GER"]
[BlackTeamCountry "GER"]

1. e4 c5 2. Nf3 d6 3. d4 cxd4 4. Nxd4 Nf6 5. Nc3 a6 6. Be3 e5 7. Nb3 Be6 8. Qd2 Nbd7 9. f3 h5 10. 0-0-0 Qc7 11. Be2 Rc8 12. Kb1 Be7 13. h3 h4 14. f4 exf4 15. Bxf4 Ne5 16. Qe3 Ng6 17. Bd3 b5 18. g4 hxg3 19. Qxg3 Nh5 20. Qf3 Nhxf4 21. Rdg1 Nxd3 22. cxd3 Bf6 23. Rc1 Qd7 24. Rce1 Ne5 25. Qg3 Rxh3 26. Rxh3 Bxh3 27. Nd5 Qg4 28. Qe3 Qf3 29. Qxf3 Nxf3 30. Rh1 Ng5 31. Nd2 Be5 32. a4 g6 33. axb5 axb5 34. Nb3 Be6 35. d4 Bxd5 36. exd5 Bg7 37. Na5 Bxd4 38. Nc6 Be5 39. Re1 f6 40. Rh1 Kd7 41. Rh6 Rg8 42. b4 f5 43. Rh2 Bxh2 0-1

[Event "GER-chT U14"]
[Site "Magdeburg"]
[Date "2019.12.28"]
[Round "4.10"]
[White "Lesnikowski, Maciej"]
[Black "Cilo, Selimhan"]
[Result "1-0"]
[WhiteElo "1366"]
[BlackElo "1279"]
[PlyCount "173"]
[EventDate "2019.12.27"]
[EventType "team-swiss"]
[EventRounds "7"]
[EventCountry "GER"]
[SourceTitle "CBM 194 Extra"]
[Source "ChessBase"]
[SourceDate "2020.03.31"]
[SourceVersion "1"]
[SourceVersionDate "2020.03.31"]
[SourceQuality "1"]
[WhiteTeam "Hoyerswerda"]
[BlackTeam "Goeppingen"]
[WhiteTeamCountry "GER"]
[BlackTeamCountry "GER"]

1. e4 e5 2. Nf3 Nc6 3. Bc4 Bc5 4. d3 d6 5. h3 Nf6 6. Nc3 0-0 7. Bg5 h6 8. Bh4 Be6 9. Bb3 Nd4 10. 0-0 c6 11. Nxd4 Bxd4 12. Qd2 Nxe4 13. Nxe4 Qxh4 14. Nxd6 Bxb3 15. axb3 b5 16. Nf5 Qf6 17. Nxd4 exd4 18. Rfe1 c5 19. Re4 a6 20. Qf4 Qxf4 21. Rxf4 Rfe8 22. Rf5 Rec8 23. Rd5 Rc6 24. Rd7 Re8 25. Kf1 Rce6 26. Rc7 Re5 27. Rc6 R8e6 28. Rcxa6 Kf8 29. Rxe6 Rxe6 30. Re1 Ra6 31. Re5 Ra2 32. Rxc5 Rxb2 33. Ke2 Ra2 34. Kd2 Ra5 35. Rd5 Ke7 36. Rxd4 Ra6 37. Rb4 Rb6 38. Ke3 Kd6 39. Rf4 Rb7 40. Rg4 f5 41. Rf4 Ke6 42. g4 fxg4 43. Rxg4 h5 44. Rg5 h4 45. Rg4 Rc7 46. Kd2 Rf7 47. f4 b4 48. Rxh4 g6 49. f5+ gxf5 50. Rxb4 f4 51. Ke2 f3+ 52. Kf2 Ke5 53. h4 Kd5 54. Rc4 Ke5 55. h5 Kd5 56. h6 Ke5 57. h7 Rxh7 58. Kxf3 Rh3+ 59. Ke2 Rh2+ 60. Kd1 Kd5 61. Kc1 Kd6 62. Kb2 Rh5 63. Kc3 Rb5 64. b4 Rh5 65. Kb3 Rh8 66. c3 Ra8 67. Rc5 Kd7 68. d4 Kd6 69. b5 Kd7 70. Rc6 Kd8 71. Kb4 Kd7 72. Kc5 Ra3 73. c4 Ra5 74. d5 Kd8 75. Kb4 Ra1 76. b6 Kd7 77. Kb5 Rb1+ 78. Ka6 Ra1+ 79. Kb7 Kd8 80. Rd6+ Ke7 81. c5 Rc1 82. Rc6 Rd1 83. d6+ Kd7 84. Rc7+ Kd8 85. Kc6 Rb1 86. b7 Rb2 87. Rc8# 1-0

[Event "GER-chT U14"]
[Site "Magdeburg"]
[Date "2019.12.27"]
[Round "1.9"]
[White "Cilo, Selimhan"]
[Black "Wu, Wilfried"]
[Result "0-1"]
[WhiteElo "1279"]
[BlackElo "1476"]
[PlyCount "134"]
[EventDate "2019.12.27"]
[EventType "team-swiss"]
[EventRounds "7"]
[EventCountry "GER"]
[SourceTitle "CBM 194 Extra"]
[Source "ChessBase"]
[SourceDate "2020.03.31"]
[SourceVersion "1"]
[SourceVersionDate "2020.03.31"]
[SourceQuality "1"]
[WhiteTeam "Goeppingen"]
[BlackTeam "Erlangen"]
[WhiteTeamCountry "GER"]
[BlackTeamCountry "GER"]

1. e4 e5 2. Nf3 Nc6 3. Bc4 Bc5 4. c3 Nf6 5. d4 exd4 6. cxd4 Bb4+ 7. Nc3 Nxe4 8. 0-0 Bxc3 9. bxc3 d5 10. Re1 0-0 11. Qc2 Bf5 12. Bd3 Re8 13. Ba3 a6 14. Nd2 Qd7 15. f3 Nd6 16. Nb3 b6 17. Bxd6 Bxd3 18. Qxd3 Rxe1+ 19. Rxe1 Qxd6 20. Qe3 h6 21. Qd3 Ne7 22. c4 Ng6 23. cxd5 Qxd5 24. Qe4 Qxe4 25. fxe4 Rd8 26. d5 Ne5 27. Rc1 Rd7 28. Nd4 g6 29. Nc6 Nxc6 30. Rxc6 Kg7 31. Kf2 Re7 32. Ke3 f5 33. Rc4 Rxe4+ 34. Rxe4 fxe4 35. Kxe4 Kf6 36. h3 a5 37. Kd4 a4 38. a3 b5 39. Kc5 Ke5 40. Kxb5 Kxd5 41. Kxa4 Kc4 42. Ka5 c5 43. Kb6 Kd4 44. a4 c4 45. a5 c3 46. a6 c2 47. a7 c1Q 48. a8Q Qc5+ 49. Ka6 Qa3+ 50. Kb7 Qxa8+ 51. Kxa8 Ke3 52. Kb7 Kf2 53. g4 Kg3 54. g5 hxg5 55. Kc6 Kxh3 56. Kd5 g4 57. Ke6 g3 58. Kf6 g2 59. Kg7 g1Q 60. Kh8 Qf2 61. Kg7 g5 62. Kh8 g4 63. Kg7 g3 64. Kh7 g2 65. Kh8 g1Q 66. Kh7 Qf7+ 67. Kh8 Qgg7# 0-1

[Event "GER-chT U14"]
[Site "Magdeburg"]
[Date "2019.12.27"]
[Round "2.9"]
[White "Cilo, Selimhan"]
[Black "Zamhoefer, Luca"]
[Result "0-1"]
[WhiteElo "1279"]
[BlackElo "1724"]
[PlyCount "44"]
[EventDate "2019.12.27"]
[EventType "team-swiss"]
[EventRounds "7"]
[EventCountry "GER"]
[SourceTitle "CBM 194 Extra"]
[Source "ChessBase"]
[SourceDate "2020.03.31"]
[SourceVersion "1"]
[SourceVersionDate "2020.03.31"]
[SourceQuality "1"]
[WhiteTeam "Goeppingen"]
[BlackTeam "Essen Katernberg"]
[WhiteTeamCountry "GER"]
[BlackTeamCountry "GER"]

1. e4 c5 2. Nf3 d6 3. d4 cxd4 4. Nxd4 Nf6 5. Nc3 g6 6. Be3 Bg7 7. Bd3 Ng4 8. Nd5 Nxe3 9. Nxe3 Qa5+ 10. c3 Bxd4 11. Nc4 Bxc3+ 12. bxc3 Qxc3+ 13. Nd2 Qxd3 14. Rc1 Nc6 15. Qa4 Bd7 16. Rb1 Nd4 17. Qd1 Nc2+ 18. Qxc2 Qxc2 19. Rd1 Bb5 20. Rb1 Ba6 21. h4 Qd3 22. Kd1 Rc8 0-1

[Event "Baden Wuerttemberg-chT U14"]
[Site "Burg Ortenberg"]
[Date "2018.06.24"]
[Round "5.2"]
[White "Cilo, Selimhan"]
[Black "Afonso, Nils"]
[Result "0-1"]
[WhiteElo "1233"]
[BlackElo "1870"]
[PlyCount "64"]
[EventDate "2018.06.23"]
[EventType "team-tourn"]
[EventRounds "5"]
[EventCountry "GER"]
[SourceTitle "EXT 2019"]
[Source "ChessBase"]
[SourceDate "2018.10.10"]
[SourceVersion "1"]
[SourceVersionDate "2018.10.10"]
[SourceQuality "1"]
[WhiteTeam "Goeppingen U14"]
[BlackTeam "Kornwestheim U14"]
[WhiteTeamCountry "GER"]
[BlackTeamCountry "GER"]

1. e4 c5 2. Nf3 d6 3. d4 cxd4 4. Nxd4 Nf6 5. Nc3 g6 6. Be3 Bg7 7. Be2 Nc6 8. Nb3 0-0 9. 0-0 Bd7 10. Qd2 Re8 11. Rad1 Ne5 12. Bh6 Bh8 13. Bf4 Nc6 14. Rfe1 a6 15. Bf3 Bg4 16. Bxg4 Nxg4 17. Qe2 Nge5 18. Be3 b5 19. Nd5 Nc4 20. c3 Nxe3 21. Nxe3 Rc8 22. Nd4 Ne5 23. f4 Nc4 24. Nxc4 Rxc4 25. Nf3 Qb6+ 26. Qf2 Qb7 27. Nd2 Rcc8 28. Qg3 b4 29. Rc1 bxc3 30. bxc3 Qb2 31. Qd3 Bxc3 32. Red1 Bd4+ 0-1

[Event "Baden Wuerttemberg-chT U14"]
[Site "Burg Ortenberg"]
[Date "2018.06.23"]
[Round "3.2"]
[White "Cilo, Selimhan"]
[Black "Straub, Benno"]
[Result "0-1"]
[WhiteElo "1233"]
[BlackElo "1442"]
[PlyCount "94"]
[EventDate "2018.06.23"]
[EventType "team-tourn"]
[EventRounds "5"]
[EventCountry "GER"]
[SourceTitle "EXT 2019"]
[Source "ChessBase"]
[SourceDate "2018.10.10"]
[SourceVersion "1"]
[SourceVersionDate "2018.10.10"]
[SourceQuality "1"]
[WhiteTeam "Goeppingen U14"]
[BlackTeam "Zaehringen U14"]
[WhiteTeamCountry "GER"]
[BlackTeamCountry "GER"]

1. e4 e5 2. Nf3 Nc6 3. Bc4 Bc5 4. c3 Nf6 5. d4 exd4 6. cxd4 Bb4+ 7. Nc3 Nxe4 8. 0-0 Bxc3 9. bxc3 d5 10. Qc2 Bf5 11. Re1 dxc4 12. Nd2 0-0 13. Nxe4 Re8 14. Ba3 Qd5 15. Re3 Rxe4 16. Rxe4 Bxe4 17. Qd2 Bxg2 18. Qf4 Bh1 19. Qg3 Re8 20. Kf1 Qe4 21. h4 Qd3+ 22. Kg1 Qxg3+ 23. fxg3 Bf3 24. Kf2 Bg4 25. Kg1 Re3 26. Kf2 Rxc3 27. Bc1 Rf3+ 28. Kg2 h5 29. Bf4 Nxd4 30. Bxc7 c3 31. Rc1 Ne6 32. Ba5 Nd4 33. Rxc3 Rxc3 34. Bxc3 Nb5 35. Bd2 Kf8 36. Kf2 Ke7 37. Ke3 Ke6 38. Bc1 Kf5 39. Kd3 b6 40. a4 Nc7 41. Bf4 Ne6 42. Bb8 a6 43. Kc4 Be2+ 44. Kd5 Nc5 45. a5 Nd7 46. axb6 Nxb8 47. Kd6 a5 0-1

[Event "GER-ch U10"]
[Site "Willingen"]
[Date "2018.05.26"]
[Round "11"]
[White "Cilo, Selimhan"]
[Black "Hoppstaedter, Daniel"]
[Result "0-1"]
[WhiteElo "1400"]
[BlackElo "1436"]
[PlyCount "72"]
[EventDate "2018.05.19"]
[EventType "swiss"]
[EventRounds "11"]
[EventCountry "GER"]
[SourceTitle "CBM 184 Extra"]
[Source "ChessBase"]
[SourceDate "2018.06.28"]
[SourceVersion "1"]
[SourceVersionDate "2018.06.28"]
[SourceQuality "1"]

1. e4 e6 2. d4 d5 3. e5 c5 4. c3 Nc6 5. Nf3 Bd7 6. a3 a5 7. Be3 Qb6 8. Qc2 cxd4 9. Bxd4 Nxd4 10. cxd4 Rc8 11. Qd1 Qxb2 12. Nbd2 Bxa3 13. Be2 Qxa1 14. 0-0 Qxd1 15. Rxd1 Rc1 16. Rxc1 Bxc1 17. Nb3 Bh6 18. Nxa5 b6 19. Nb7 Ne7 20. Nd6+ Kf8 21. Ba6 Nf5 22. Kf1 Nxd6 23. exd6 b5 24. g3 f6 25. Ne1 Kf7 26. Nd3 Ra8 27. Nc5 Bc8 28. Bxc8 Rxc8 29. Ke2 Bc1 30. Kd3 Rd8 31. Kc3 Ba3 32. Kb3 Bxc5 33. dxc5 d4 34. Kb4 e5 35. Kxb5 Ke6 36. Kc6 Rc8+ 0-1

[Event "GER-ch U10"]
[Site "Willingen"]
[Date "2018.05.25"]
[Round "9"]
[White "Cilo, Selimhan"]
[Black "Mueller, Mitja"]
[Result "1/2-1/2"]
[WhiteElo "1400"]
[BlackElo "1215"]
[PlyCount "51"]
[EventDate "2018.05.19"]
[EventType "swiss"]
[EventRounds "11"]
[EventCountry "GER"]
[SourceTitle "CBM 184 Extra"]
[Source "ChessBase"]
[SourceDate "2018.06.28"]
[SourceVersion "1"]
[SourceVersionDate "2018.06.28"]
[SourceQuality "1"]

1. e4 c5 2. Nf3 e6 3. d4 cxd4 4. Nxd4 a6 5. Nc3 Qc7 6. Bd3 Nf6 7. 0-0 Be7 8. Be3 b5 9. a3 Bb7 10. Re1 h5 11. h3 Nc6 12. Nb3 0-0-0 13. Qe2 d5 14. exd5 exd5 15. Bb6 Qxb6 16. Bf5+ Kb8 17. Qf3 Nd4 18. Qf4+ Bd6 19. Qxd4 Qxd4 20. Nxd4 g6 21. Bd3 Rhe8 22. Nf3 Ne4 23. Re2 Rd7 24. Rae1 Rde7 25. Kf1 f5 26. Kg1 1/2-1/2

[Event "GER-ch U10"]
[Site "Willingen"]
[Date "2018.05.21"]
[Round "4"]
[White "Cilo, Selimhan"]
[Black "Kempe, Caius Emilian"]
[Result "1-0"]
[WhiteElo "1400"]
[BlackElo "1525"]
[PlyCount "105"]
[EventDate "2018.05.19"]
[EventType "swiss"]
[EventRounds "11"]
[EventCountry "GER"]
[SourceTitle "CBM 184 Extra"]
[Source "ChessBase"]
[SourceDate "2018.06.28"]
[SourceVersion "1"]
[SourceVersionDate "2018.06.28"]
[SourceQuality "1"]

1. e4 c5 2. Nf3 d6 3. d4 cxd4 4. Nxd4 Nf6 5. Nc3 g6 6. f4 Bg7 7. e5 dxe5 8. fxe5 Nd5 9. Bb5+ Bd7 10. e6 Bxb5 11. exf7+ Kxf7 12. Qf3+ Nf6 13. Ndxb5 Nc6 14. 0-0 Rf8 15. Be3 a6 16. Rad1 Qc8 17. Nd4 Nxd4 18. Bxd4 Kg8 19. Qe3 Qc7 20. Qe6+ Kh8 21. Rde1 Qd6 22. Qxd6 exd6 23. Re6 Rad8 24. Bxf6 Bxf6 25. Rfxf6 Rxf6 26. Rxf6 Kg7 27. Rf3 Re8 28. Kf2 g5 29. Rd3 Re6 30. a4 h6 31. Kf3 Kf7 32. Ne2 g4+ 33. Kf2 b6 34. Rb3 d5 35. Nf4 Rd6 36. Kg3 Kf6 37. Kxg4 Ke5 38. Rd3 d4 39. c3 dxc3 40. Rxd6 Kxd6 41. bxc3 Kc5 42. Kh5 Kc4 43. Ne2 Kb3 44. Kxh6 Kxa4 45. g4 Kb3 46. g5 a5 47. g6 a4 48. Nc1+ Kxc3 49. g7 b5 50. g8Q Kb2 51. Qd5 Kxc1 52. Qxb5 a3 53. Qb3 1-0

[Event "GER-chT U12"]
[Site "Magdeburg"]
[Date "2017.12.27"]
[Round "2.3"]
[White "Cilo, Selimhan"]
[Black "Behr, Julian"]
[Result "0-1"]
[WhiteElo "1053"]
[BlackElo "1282"]
[PlyCount "154"]
[EventDate "2017.12.26"]
[EventType "team-swiss"]
[EventRounds "7"]
[EventCountry "GER"]
[SourceTitle "CBM 182 Extra"]
[Source "ChessBase"]
[SourceDate "2018.02.23"]
[SourceVersion "1"]
[SourceVersionDate "2018.02.23"]
[SourceQuality "1"]
[WhiteTeam "Goeppingen"]
[BlackTeam "Landskrone"]
[WhiteTeamCountry "GER"]
[BlackTeamCountry "GER"]

1. e4 e5 2. Nf3 Nc6 3. Bc4 Bc5 4. c3 Nf6 5. d3 0-0 6. Bg5 h6 7. Bh4 d6 8. 0-0 Bg4 9. h3 Bh5 10. Nbd2 Qe7 11. Nb3 Bb6 12. d4 exd4 13. Bxf6 Qxf6 14. cxd4 Bxf3 15. Qxf3 Qxf3 16. gxf3 Bxd4 17. Nxd4 Nxd4 18. Kg2 Rad8 19. Rfd1 Nc6 20. Rac1 Kh8 21. Bd5 f5 22. Bxc6 bxc6 23. Rxc6 Rc8 24. exf5 Rxf5 25. Rdxd6 cxd6 26. Rxc8+ Kh7 27. Rd8 Rd5 28. Rd7 a6 29. Kg3 Kg6 30. Kg4 Rd2 31. f4 Kf6 32. f5 g5 33. f4 Rd4 34. Kf3 gxf4 35. Kg4 h5+ 36. Kf3 Kxf5 37. Rh7 Rd3+ 38. Kf2 Kg5 39. Rg7+ Kh4 40. Rg6 Rd2+ 41. Kf3 Kxh3 42. Kxf4 a5 43. Rg5 h4 44. Kf3 Kh2 45. a3 h3 46. b4 axb4 47. axb4 Rd3+ 48. Kf2 Rd4 49. b5 Rf4+ 50. Ke3 Rf1 51. Ke2 Rg1 52. Rh5 Rg3 53. Kf2 Rb3 54. Rd5 Rb2+ 55. Kf3 Kg1 56. Rg5+ Kf1 57. Rd5 Rb3+ 58. Kg4 h2 59. Rd1+ Ke2 60. Rh1 Rxb5 61. Rxh2+ Ke3 62. Rh7 d5 63. Re7+ Kd3 64. Kf4 d4 65. Rd7 Rb4 66. Kf3 Rb3 67. Kf2 Rb4 68. Kf3 Kd2 69. Kf2 d3 70. Rc7 Rb3 71. Rc6 Kd1 72. Kf1 d2 73. Kf2 Rb2 74. Kf1 Rc2 75. Ra6 Kc1 76. Ra1+ Kb2 77. Rd1 Rc1 0-1